00362nam a2200157Ia 4500003000500000008004100005020001800046040001900064082000700083100001600090245002800106246001500134260003400149300000700183546001400190STCL181203s9999 xx 000 0 und d a9788122612516 aSTCLbENcSTCL 222 aMeera, K.R. 0aആവേ മരിയ  aAve Mariya bCurrent BooksaThrissurc2015 a76 aMalayalam